| 000 | 01604nam a2200265Ia 4500 | ||
|---|---|---|---|
| 999 |
_c37718 _d37718 |
||
| 001 | 3693 | ||
| 003 | GE_BSU | ||
| 005 | 20230929153311.0 | ||
| 008 | 181216s1999||||ge |||||||||||||| ||geo|| | ||
| 020 | _a9992881739 | ||
| 040 | _cGE_BSU | ||
| 041 | _ageo | ||
| 080 | _a33(038)+81.374.26=353.1=111=161.1 ბ-56 | ||
| 100 |
_aბერულავა , რ. _91035 |
||
| 245 |
_aქართულ-ინგლისურ-რუსული განმარტებითი ლექსიკონი = GEORGIAN-ENGLISH-RUSSIAN DICTIONARI _bენციკლოპედიურ-ტერმინოლოგიური ცნობარი / _cრ. ბერულავა , თ. ბერულავა, სარედ. კოლეგია: ი.მესხია, ალ. ღლონტი, თ.მაღლაკელიძე და სხვ. |
||
| 264 |
_aთბილისი : _bიბერთედ-პრესი, _c1999. |
||
| 300 |
_a447 გვ . ; _c20 სმ. |
||
| 500 | _a10000-მდე ცნება-ტერმინი და ტერმინოლ. გამოთქმა, ტრანსკრიფციები და 2000-მდე აბრევიატურა | ||
| 653 | _aლექსიკონი | ||
| 700 |
_aბერულავა, თ. _91036 _eავტორი |
||
| 700 |
_aმესხია, ი. _eრედაქტორი _91037 |
||
| 700 |
_aღლონტი, ალ. _eრედაქტორი _91038 |
||
| 700 |
_aმაღლაკელიძე , თ. _eრედაქტორი _91039 |
||
| 942 |
_cBK _2udc |
||